000 01339nam a2200325Ia 4500
001 3041
003 IT-RoPAU
008 130308s9999 xx 000 0 und d
040 _aIT-RoPAU
040 _cIT-RoPAU
041 _aFRANCESE
100 _aArosio Mario
100 _gCodice Aut. SPICS: 9786
245 _aStructure du phenomene television (La)
245 _bCommunication Audiovisuelle (La)
250 _a1a ed.
260 _aSHERBROOKE
260 _bEditions Paulines
260 _c1969 [1° Ed.:1969 - Ed.Ling.Originale:1969]
300 _a"61 p. (prefazione: no ; testo: 61 [pagine: 217-277])"
500 _aStruttura del fenomeno Televisivo Società e Comunicazione di Massa Cultura di Massa nella Società Industriale prospettive della Televisione Struttura e Metastruttura Emittente Televisivo Televisione Come Servizio Pubblico Televisione Industria Culturale Intellettuale e Televisione Pubblico della Televisione Condizione del Telespettatore Cultura e Televisione Ambivalenza del mezzo Televisivo Funzione Sociale della Televisione promozione Culturale Cultura Planetaria
650 _aTEORIA DELLA COMUNICAZIONE SOCIALE
650 _eCodice materia Spics: 3802
700 _aGoffredo Donato
700 _gCodice Aut. SPICS: 5967
942 _cBK
957 _71
999 _c43647
_d43647
999 _bSI
999 _g1